| 000 | 00876cam a2200241 4500 | ||
|---|---|---|---|
| 008 | 021015n2002 000 0 eng u | ||
| 020 | _a0071408142 | ||
| 035 | _a(Sirsi) u120107 | ||
| 041 | _aeng. | ||
| 050 | _a624 | ||
| 100 | _aLevy, S. | ||
| 245 | _aConstruction daily log | ||
| 250 | _a2nd ed. | ||
| 260 |
_aChicago _bMcGraw-Hill _c2002 |
||
| 300 |
_a400p. _c25cm. |
||
| 350 | _a40.99 | ||
| 520 | _aA daily activity diary for the construction industry which allows managers to track project-related activities: weather conditions, work force composition, job inspections and more. Includes checklists to to help ensure nothing is overlooked at any critical stage in a construction project. | ||
| 650 | _aCONSTRUCTION PROJECT ORGANISATION | ||
| 650 |
_aProject management _96261 |
||
| 650 | _aCIVIL ENGINEERING | ||
| 690 | _aBUILT ENVIRONMENT | ||
| 942 | _n0 | ||
| 999 |
_c102473 _d102473 |
||